01158nam a2200253 i 450000100060000000300090000600500170001500700030003200800410003502000180007608000410009408000210013524502110015625000120036726001970037930000310057665000470060765100610065470000350071570000290075071000280077971000640080785200330087189066ES-MaACL20230906180048.0t|050126s2002 mx a ||||1| spa d a968-7598-85-9 a929-053.2-054.73(=1.460:72)"1936/39" a94(460)"1936/39"03aUn capítulo de la memoria del exilio b: los niños de Morelia /cAgustín Sánchez Andrés ... [et al.], compiladores ; estudio introductorio de Agustín Sánchez Andrés y Eduardo Mateo Gambarte. a1ª ed. aMorelia (Michoacán) : bInstituto de Investigaciones Históricas de la Universidad Michoacana de San Nicolás Hidalgo ; aMadrid : bComunidad de Madrid, Consejería de las Artes, c2002. a437 p., : bil. ; c23 cm.14aNiños refugiados españoles-zMéxico. 4aEspaña-xHistoria-y1936-1939, Guerra civil-xNiños.1 aSánchez Andrés, Agustín.1 aMateo Gambarte, Eduardo.2 aUniversidad Michoacana.1 aMadrid (Comunidad Autónoma). bConsejería de las Artes. aES-MaACLjL-28715 bR.134893